000 01092nam a22003257a 4500
001 BR8400932
003 BR-BrBNA
005 20230928091856.0
007 ta
008 230509b bl.||||| |||| 00| 0 por d
040 _aBR-BrBNA
_bpor
_cBiblioteca Nacional de Agricultura
041 _a(Por)
072 _aL73; L70
_b5212
_b4190
090 _ 5212 BR8400932
100 1 _aLeite, R.C.
110 1 _aUniversidade Federal de Minas Gerais, Belo Horizonte (Brasil). Escola de Veterinaria
_0Tese (Mestrado)
245 1 _aEmprego do California mastitis test "CMT" no diagnostico precoce da vesiculite de reprodutores bovinos
246 1 _a[The use of California mastitis test "CMT" in the early diagnosis of vesiculitis of the bull]
260 3 _aBelo Horizonte, MG (Brasil):
_c1983.
300 _a28 p.
500 _a9 ref.; Summary (Por); 4 tables; 6 illus.
650 _aBOVINO
650 _aVESICULITE
650 _aDIAGNOSTICO
650 _aINFLAMACAO
650 _aTESTE DE MAMITE
650 _aGLANDULA VESICULAR
909 _a202309
_bLucia
_c55
_dLucia Elande
942 _cBK
999 _c35996
_d35996